Clueless #20 - Statistics

General Stats
  • This quiz has been taken 1,137 times
  • The average score is 138 of 285
Answer Stats
Word % Correct
     another     
97%
      me --      
97%
       an        
97%
       I'd       
97%
       I'm       
97%
       me        
97%
       my        
97%
        a        
97%
        I        
97%
       I'm       
97%
       me.       
97%
       me        
97%
       my        
97%
        a        
97%
        I        
97%
       the       
92%
       The       
92%
       the       
92%
       is,       
87%
       is        
87%
      are.      
87%
       is        
87%
      were      
87%
       you       
86%
      your      
86%
       you       
86%
       You       
86%
      we're      
86%
      you.      
86%
      you?      
86%
      your      
86%
      gonna      
83%
     where's     
83%
       us        
83%
       We        
83%
      don't      
79%
      it's      
79%
      It's      
79%
     That's      
79%
      Don't      
79%
      don't      
79%
       to        
77%
       to        
77%
     here's      
75%
      can't      
75%
       do        
75%
       do        
75%
      been      
74%
       be        
74%
       be        
74%
      and,      
73%
       and       
73%
       And       
73%
     -- and      
73%
       and       
73%
       go.       
72%
       go        
72%
      when      
72%
       go        
72%
       So,       
71%
       So        
71%
       on        
71%
       So,       
71%
   pleasure's    
71%
       in        
70%
       see       
69%
      see,      
69%
      their      
69%
      sorta      
67%
     Eight,      
66%
      eight      
66%
      Eight      
66%
       15        
66%
       of        
66%
     Eight?      
66%
       of        
66%
      two?      
66%
     second,     
66%
       for       
65%
       it.       
65%
       it        
65%
       for       
65%
      what      
65%
      What      
65%
      guys.      
64%
     people      
64%
     people      
64%
     -- that     
63%
      that      
63%
      grab      
63%
      that      
63%
      there      
63%
       not       
62%
     minutes     
61%
      hour      
61%
      hour.      
61%
     minute      
61%
       Why       
61%
      have      
59%
       hi,       
59%
     someone     
59%
      come      
58%
      just      
58%
    something    
58%
      just      
58%
      just,      
58%
      about      
57%
      tell      
57%
     talking     
57%
    probably    
57%
      about      
57%
      tell      
57%
     talking     
57%
      this      
55%
      This      
55%
      would      
55%
      Would      
55%
     would,      
55%
    anything    
54%
       or        
54%
      will      
52%
       if        
51%
      days      
51%
       all       
51%
       day       
51%
       how       
51%
       if        
51%
      know,      
50%
      like      
50%
      like      
50%
       Oh,       
49%
      Yeah,      
49%
      yeah.      
49%
      Yeah.      
49%
       Ah,       
49%
       get       
48%
      thing      
48%
       get       
48%
       out       
47%
       uh,       
47%
       Uh,       
47%
       Uh,       
47%
      out?      
47%
     Uh-huh.     
47%
      here      
47%
     Uh-huh.     
47%
       at        
46%
       at        
46%
       but       
45%
       But       
45%
       but       
45%
       off       
44%
       say       
44%
      with      
44%
      with      
44%
      given      
43%
       by        
43%
       use       
43%
      Good      
42%
      good      
42%
     actual      
41%
    actually    
41%
      some      
41%
      looks      
40%
      real      
40%
      real,      
40%
      work      
40%
      work.      
40%
     really,     
40%
     really      
40%
    working.    
40%
      looks      
40%
      walk      
40%
      work.      
40%
     coming      
39%
       Now       
38%
      now.      
38%
      ships      
38%
      Well,      
38%
      well.      
38%
       Let       
37%
      too.      
37%
     little      
37%
      make      
36%
       way       
36%
     trying      
36%
    Lumbergh    
35%
      extra      
34%
      right      
34%
   Absolutely,   
34%
      must      
34%
      more?      
33%
      care.      
31%
      only      
31%
     problem     
31%
      care?      
31%
       butt       
30%
      nice      
30%
    alright?    
29%
     Listen,     
29%
      dime.      
29%
      late.      
29%
       OK.       
29%
      feel      
29%
      after      
28%
      job.      
28%
    generally    
27%
     Initech     
27%
      Bob,      
27%
      Bob.      
27%
      Bob:      
27%
       Bob       
27%
      seat      
27%
     through     
27%
     typical     
27%
     bosses.     
26%
     bosses      
26%
      week      
26%
      Peter      
26%
     Peter,      
26%
      hope      
25%
   Excellent.    
25%
     Great.      
25%
      spend      
25%
    Terrific.    
25%
      else,      
24%
     (nods)      
24%
    please?.    
24%
      desk,      
23%
      means      
23%
      side      
23%
     T.P.S.      
23%
    Gibbons.    
23%
      side      
23%
      lazy.      
22%
      luck      
22%
     Porter.     
22%
    Slydell.    
22%
      door      
21%
      kind      
21%
    layoffs,    
20%
     fired.      
20%
     firings     
20%
      both      
20%
      hard      
20%
      space      
20%
      space      
20%
     believe     
19%
       beg       
18%
    different    
17%
     lunch,      
17%
     table,      
17%
    mistake,    
16%
     guess.      
16%
     losing      
16%
       few       
16%
      ahead      
16%
     pardon?     
16%
    program.    
16%
     enough      
15%
      stare      
15%
      join      
15%
    associate    
14%
   motivation,   
13%
   motivation?   
13%
   motivation    
13%
      Next      
13%
      trust      
13%
      least      
12%
      fear      
11%
      bear      
11%
      sport      
11%
    reports.    
10%
     batter      
10%
     option      
10%
  (Transition)  
10%
     sharing     
9%
     units,      
8%
      Wow.      
7%
     offered     
7%
     hassled     
6%
 hypothetical -- 
6%
      stock      
6%
     indulge     
5%
     equity      
4%
No matching quizzes found
Score Distribution
Percent of People with Each Score
Percentile by Number Answered
Your Score History
You have not taken this quiz